000 00486nam a2200145Ia 4500
008 190426s9999 xx 000 0 und d
020 _a9781118767207
245 _cEdited by Alan Slater, Gavin Bremner.--
_aAn Introduction to developmental psychology /
250 _a3rd ed
260 _aUSA :
_bJohn Wiley & Sons
_c2017
300 _axxvi, 822 pages.
500 _aIncludes bibliographical references and index.
650 _aChild development.
650 _aDevelopmental psychology.
999 _c361688
_d361688